Hawaii 5-0 - Statistics

General Stats
  • This quiz has been taken 760 times
  • The average score is 11 of 15
Answer Stats
Hint Answer % Correct
Commander of the 5-0 task force Steve McGarret
99%
The first Female in the task force Kono Kalakaua
97%
The above's partner Danny Williams
96%
Kono's cousin (also 5-0) Chin Ho Kelly
94%
Kono's husband Adam Noshimuri
84%
Detective Wiliams' daughter Grace Williams
84%
Medical Examiner Dr Max Bergman
81%
Steve's arch enemy Wo Fat
75%
Informant (owns a shrimp truck) Kamekona
72%
Steve's mum Doris McGarret
66%
Steve's Dad John McGarret
63%
Steve's SEAL trainer Joe White
58%
Chin's brother in law (enemy) Gabriel Waynecroft
51%
Informant (From early episodes, calls kono "spicy") Sang Min
47%
Real life bounty hunter who appears in the show (long blonde hair Duane 'Dog' Chapman
39%
No matching quizzes found
Score Distribution
Percent of People with Each Score
Percentile by Number Answered
Your Score History
You have not taken this quiz